[Event "POL-chT 2nd League"]
[Site "Jastrzebia Gora"]
[Date "2016.09.11"]
[Round "9.29"]
[White "Fengier, Winicjusz"]
[Black "Sleczka, Bartosz"]
[Result "0-1"]
[WhiteElo "2054"]
[BlackElo "1933"]
[PlyCount "75"]
[EventDate "2016.09.03"]
[EventType "team-swiss"]
[EventRounds "9"]
[EventCountry "POL"]
[SourceTitle "EXT 2017"]
[Source "ChessBase"]
[SourceDate "2016.10.25"]
[SourceVersion "1"]
[SourceVersionDate "2016.10.25"]
[SourceQuality "1"]
[WhiteTeam "Gostynin Gostmat 83"]
[BlackTeam "Wieliczka MKS MOS"]
[WhiteTeamCountry "POL"]
[BlackTeamCountry "POL"]

1. Nf3 Nf6 2. c4 g6 3. g3 Bg7 4. Bg2 0-0 5. Nc3 d6 6. d4 Nc6 7. h3 a6 8. 0-0 Rb8 9. a4 Na5 10. b3 b6 11. e4 c5 12. Bb2 Nd7 13. Rb1 cxd4 14. Nxd4 Bb7 15. Nd5 e6 16. Ne3 Qc7 17. Rc1 Nf6 18. b4 Nc6 19. Nd5 exd5 20. cxd5 Rfe8 21. Nxc6 Bxc6 22. Rxc6 Qd7 23. Qa1 Nh5 24. Bxg7 Nxg7 25. Qd4 Qd8 26. Rfc1 Re7 27. f4 Nh5 28. Kh2 Rd7 29. Bf1 a5 30. b5 f6 31. Be2 Ng7 32. R1c4 Qe7 33. Rxb6 Re8 34. Bf3 f5 35. e5 dxe5 36. fxe5 Qa3 37. Rbc6 Qxf3 38. Rc3 0-1

[Event "Dobczyce op 22nd"]
[Site "Dobczyce"]
[Date "2014.07.16"]
[Round "7"]
[White "Kyc, Jerzy"]
[Black "Sleczka, Bartosz"]
[Result "1/2-1/2"]
[WhiteElo "2096"]
[BlackElo "1890"]
[PlyCount "120"]
[EventDate "2014.07.12"]
[EventType "swiss"]
[EventRounds "9"]
[EventCountry "POL"]
[SourceTitle "CBM 161 Extra"]
[Source "ChessBase"]
[SourceDate "2014.08.29"]
[SourceVersion "1"]
[SourceVersionDate "2014.08.29"]
[SourceQuality "1"]

1. e4 e5 2. Nf3 Nc6 3. Bb5 a6 4. Ba4 Nge7 5. 0-0 g6 6. d4 exd4 7. Nxd4 Bg7 8. c3 0-0 9. Bg5 h6 10. Bh4 Na5 11. f4 b5 12. Bc2 c5 13. Nf3 Nc4 14. Qc1 Re8 15. Re1 Qb6 16. b3 Na5 17. e5 d6 18. Bf6 dxe5 19. Bxg7 Kxg7 20. Nxe5 Bf5 21. Nd2 Bxc2 22. Qxc2 Nec6 23. Kh1 Nxe5 24. fxe5 Rad8 25. Nf3 Re6 26. Rad1 Nc6 27. Rxd8 Qxd8 28. Qe4 Qa5 29. Qc2 Qc7 30. Qe4 Qa5 31. Qc2 Kh7 32. Re4 Qc7 33. Qe2 Qe7 34. a4 Qb7 35. h4 Kg7 36. Qd3 Ne7 37. Kh2 Qd5 38. Qc2 Nc6 39. c4 bxc4 40. bxc4 Qd8 41. Qf2 Qa5 42. Qe3 Qb4 43. Kh3 Qb1 44. Kh2 Qc2 45. Rf4 Qxa4 46. Qxc5 Qa1 47. Re4 a5 48. Re3 a4 49. Ra3 Qb2 50. Rxa4 Nxe5 51. Qd4 Qxd4 52. Nxd4 Rd6 53. c5 Rd5 54. Nb3 Rd3 55. Na5 Rc3 56. Nb7 Kf6 57. g3 Rc2+ 58. Kh3 h5 59. Rf4+ Ke7 60. Re4 Kf6 1/2-1/2

[Event "Dobczyce op 22nd"]
[Site "Dobczyce"]
[Date "2014.07.14"]
[Round "5"]
[White "Sleczka, Bartosz"]
[Black "Golenia, Jan"]
[Result "1-0"]
[WhiteElo "1890"]
[BlackElo "1624"]
[PlyCount "157"]
[EventDate "2014.07.12"]
[EventType "swiss"]
[EventRounds "9"]
[EventCountry "POL"]
[SourceTitle "CBM 161 Extra"]
[Source "ChessBase"]
[SourceDate "2014.08.29"]
[SourceVersion "1"]
[SourceVersionDate "2014.08.29"]
[SourceQuality "1"]

1. e4 c5 2. Nf3 Nc6 3. d4 cxd4 4. Nxd4 e5 5. Nb5 d6 6. a4 h6 7. N1c3 Nf6 8. Be3 Be6 9. f3 Be7 10. Qd2 a6 11. Na3 Rc8 12. Bc4 Na5 13. Bd5 Qc7 14. Rd1 Bxd5 15. Nxd5 Nxd5 16. Qxd5 Nc6 17. c3 Na5 18. 0-0 0-0 19. Kh1 Kh7 20. f4 f6 21. Rf3 Nc4 22. Nxc4 Qxc4 23. Qxb7 Qxa4 24. b3 Qe8 25. Bc1 Rc6 26. c4 a5 27. Qb5 Rc5 28. Qxe8 Rxe8 29. Ba3 Rc6 30. g3 a4 31. Rc1 Rec8 32. bxa4 Rxc4 33. Rff1 Rxc1 34. Rxc1 Rxc1+ 35. Bxc1 Bd8 36. Ba3 Bc7 37. Bb4 Kg6 38. f5+ Kf7 39. Kg2 Ke7 40. Kf3 Bb6 41. a5 Ba7 42. Kg4 Bg1 43. a6 Kd7 44. Kh5 Kc6 45. h3 Bc5 46. Bd2 Bf2 47. g4 d5 48. exd5+ Kxd5 49. Kg6 Kc6 50. Kxg7 Bh4 51. Kxh6 e4 52. Kh5 Bg5 53. Be1 Kb6 54. h4 Bf4 55. g5 fxg5 56. hxg5 Kxa6 57. g6 Be5 58. Kh6 Kb6 59. g7 Bxg7+ 60. Kxg7 Kc6 61. f6 Kd6 62. f7 Ke5 63. f8Q Kd4 64. Qf4 Kd3 65. Bd2 Kd4 66. Qe3+ Kd5 67. Bc3 Kc4 68. Kf6 Kd5 69. Kf5 Kc4 70. Ke5 Kb5 71. Bd2 Kc4 72. Qxe4+ Kc5 73. Qd5+ Kb6 74. Qc4 Kb7 75. Kd6 Kb8 76. Kd7 Kb7 77. Qb5+ Ka7 78. Kc7 Ka8 79. Qb7# 1-0

[Event "Krakow op-B 23rd"]
[Site "Krakow"]
[Date "2012.12.29"]
[Round "4"]
[White "Kalinina, Marianna"]
[Black "Sleczka, Bartosz"]
[Result "1/2-1/2"]
[WhiteElo "2051"]
[BlackElo "1920"]
[PlyCount "94"]
[EventDate "2012.12.27"]
[EventType "swiss"]
[EventRounds "9"]
[EventCountry "POL"]
[SourceTitle "CBM 152 Extra"]
[Source "ChessBase"]
[SourceDate "2013.02.25"]
[SourceVersion "1"]
[SourceVersionDate "2013.02.25"]
[SourceQuality "1"]

1. e4 d6 2. d4 g6 3. Nc3 Nf6 4. Nf3 Bg7 5. Be2 0-0 6. 0-0 e5 7. h3 Nc6 8. Be3 a6 9. a4 exd4 10. Nxd4 Bd7 11. f4 Re8 12. Bf3 Nxd4 13. Bxd4 Bc6 14. Qd3 Nd7 15. Bxg7 Kxg7 16. b4 Qf6 17. Rad1 Nb6 18. b5 axb5 19. axb5 Bd7 20. Nd5 Nxd5 21. Qxd5 Qxf4 22. Bg4 Qe3+ 23. Kh1 Be6 24. Bxe6 fxe6 25. Qxb7 Qa7 26. Qc6 Re7 27. Qc3+ e5 28. Qf3 Rae8 29. c4 Qb8 30. Qf6+ Kg8 31. h4 Qd8 32. c5 Rd7 33. c6 Qxf6 34. Rxf6 Rde7 35. h5 Kg7 36. Rf3 Rb8 37. Rb1 Rb6 38. hxg6 hxg6 39. Ra3 Re8 40. Ra7 Rc8 41. Rd1 Kf6 42. Rd5 Kg5 43. g3 Kg4 44. Kg2 g5 45. Ra2 Rcb8 46. Ra5 Rf8 47. Ra3 Rfb8 1/2-1/2

[Event "Krakow op-B 23rd"]
[Site "Krakow"]
[Date "2012.12.28"]
[Round "2"]
[White "Sleczka, Bartosz"]
[Black "Kudas, Damian"]
[Result "1/2-1/2"]
[WhiteElo "1920"]
[BlackElo "2083"]
[PlyCount "84"]
[EventDate "2012.12.27"]
[EventType "swiss"]
[EventRounds "9"]
[EventCountry "POL"]
[SourceTitle "CBM 152 Extra"]
[Source "ChessBase"]
[SourceDate "2013.02.25"]
[SourceVersion "1"]
[SourceVersionDate "2013.02.25"]
[SourceQuality "1"]

1. e4 c5 2. Nf3 d6 3. Bc4 Nf6 4. d3 Nc6 5. c3 Bg4 6. Nbd2 e6 7. h3 Bh5 8. Bb3 Be7 9. Nf1 d5 10. Ng3 Bg6 11. Qe2 Qc7 12. 0-0 dxe4 13. dxe4 h6 14. Re1 0-0 15. Bc2 Nd7 16. Bd2 a6 17. Rad1 Rfd8 18. Bc1 b5 19. Nh2 b4 20. f4 bxc3 21. bxc3 Bf6 22. e5 Bxc2 23. Qxc2 Bh4 24. Re3 Ne7 25. Ne4 Nf5 26. Rf3 c4 27. g4 Ne7 28. Nd6 Nd5 29. Qe4 Be7 30. Nxc4 Rac8 31. Nd6 Nxc3 32. Rxc3 Qxc3 33. Nxc8 Rxc8 34. Be3 Rc4 35. Qd3 Qxd3 36. Rxd3 Nc5 37. Rd4 Rc2 38. Rd2 Rc3 39. Nf1 a5 40. Kg2 a4 41. Bd4 Rc1 42. Ne3 Ne4 1/2-1/2

[Event "Dobczyce op 20th"]
[Site "Dobczyce"]
[Date "2012.07.15"]
[Round "2"]
[White "Sleczka, Bartosz"]
[Black "Slabek, Grzegorz"]
[Result "0-1"]
[WhiteElo "1923"]
[BlackElo "2088"]
[PlyCount "104"]
[EventDate "2012.07.14"]
[EventType "swiss"]
[EventRounds "9"]
[EventCountry "POL"]
[SourceTitle "CBM 149 Extra"]
[Source "ChessBase"]
[SourceDate "2012.08.24"]
[SourceVersion "1"]
[SourceVersionDate "2012.08.24"]
[SourceQuality "1"]

1. e4 g6 2. d4 d5 3. exd5 Qxd5 4. Nc3 Qd8 5. Bc4 Bg7 6. Nf3 Nf6 7. Ne5 0-0 8. 0-0 Nbd7 9. Qe2 Nb6 10. Bb3 c6 11. Rd1 a5 12. a4 Nbd5 13. Ne4 Nxe4 14. Qxe4 Bf5 15. Qe2 Qb6 16. Qf3 Rad8 17. Nc4 Qc7 18. Ne3 Nxe3 19. Bxe3 Qd7 20. h3 Be6 21. Bxe6 Qxe6 22. Re1 Qc4 23. c3 Rd5 24. Bf4 Re8 25. Qe2 Qxe2 26. Rxe2 e6 27. Bc7 Ra8 28. Ra3 Rd7 29. Bb6 Bf8 30. Rb3 Bd6 31. Kf1 Ra6 32. Re4 Bb4 33. Bc5 Bxc5 34. dxc5 Ra8 35. Ke2 Rad8 36. Ke3 Rd3+ 37. Ke2 Rd2+ 38. Ke1 R8d7 39. Rb6 R2d5 40. b4 e5 41. bxa5 Rxc5 42. a6 bxa6 43. Rxa6 Rd3 44. Ra8+ Kg7 45. Re8 Kf6 46. f4 exf4 47. Rxf4+ Rf5 48. Rc4 c5 49. a5 Rfd5 50. a6 Rd1+ 51. Ke2 Ra1 52. Rc8 Rxa6 0-1

[Event "POL-chT U19 1st League"]
[Site "Ustron"]
[Date "2011.??.??"]
[Round "9.2"]
[White "Chomski, Maciej"]
[Black "Sleczka, Bartosz"]
[Result "1-0"]
[WhiteElo "1842"]
[BlackElo "1895"]
[PlyCount "108"]
[EventDate "2011.06.24"]
[EventType "team-tourn"]
[EventRounds "9"]
[EventCountry "POL"]
[SourceTitle "EXT 2015"]
[Source "ChessBase"]
[SourceDate "2014.11.20"]
[SourceVersion "1"]
[SourceVersionDate "2014.11.20"]
[SourceQuality "1"]
[WhiteTeam "Gorzow Wielkopolski Stilon U19 II"]
[BlackTeam "Wieliczka MKS MOS U19"]
[WhiteTeamCountry "POL"]
[BlackTeamCountry "POL"]

1. d4 d5 2. c4 e6 3. Nc3 Nf6 4. Bg5 Be7 5. Nf3 Nbd7 6. e3 c6 7. Qc2 0-0 8. cxd5 exd5 9. Bd3 Re8 10. 0-0 h6 11. Bh4 Ne4 12. Bxe7 Qxe7 13. Rab1 Nf8 14. b4 a6 15. a4 Ng5 16. Nxg5 Qxg5 17. Kh1 Bd7 18. b5 axb5 19. axb5 Rac8 20. bxc6 bxc6 21. Na4 Rc7 22. Rfc1 Ng6 23. g3 Qf6 24. Rb6 Bh3 25. Kg1 Qf3 26. Bf1 Bxf1 27. Rxf1 Re6 28. Qd1 Qf5 29. Nc5 Rf6 30. f4 Kh7 31. Rb8 Rd6 32. Qd3 Qf6 33. Ra1 Rd8 34. Rb6 Re8 35. Re1 Kh8 36. Na6 Rd7 37. Nb4 Ne7 38. Rc1 Rc8 39. Qc3 Rdc7 40. Na6 Ra7 41. Nb4 Rac7 42. Na6 Rd7 43. Nc5 Ra7 44. Ra1 Rxa1+ 45. Qxa1 Nf5 46. Qc1 Qe7 47. Kf2 Re8 48. Rb3 Nd6 49. Rc3 Ra8 50. Ra3 Rb8 51. Rb3 Re8 52. Rc3 Qf6 53. Qb2 Nb5 54. Rb3 Qd6 1-0

[Event "POL-chT U19 1st League"]
[Site "Ustron"]
[Date "2011.??.??"]
[Round "7.8"]
[White "Lukasiewicz, Aleksander"]
[Black "Sleczka, Bartosz"]
[Result "1/2-1/2"]
[WhiteElo "1925"]
[BlackElo "1895"]
[PlyCount "96"]
[EventDate "2011.06.24"]
[EventType "team-tourn"]
[EventRounds "9"]
[EventCountry "POL"]
[SourceTitle "EXT 2015"]
[Source "ChessBase"]
[SourceDate "2014.11.20"]
[SourceVersion "1"]
[SourceVersionDate "2014.11.20"]
[SourceQuality "1"]
[WhiteTeam "Wroclaw KS Polonia U19 II"]
[BlackTeam "Wieliczka MKS MOS U19"]
[WhiteTeamCountry "POL"]
[BlackTeamCountry "POL"]

1. e4 e5 2. Nf3 Nc6 3. Bb5 a6 4. Bxc6 dxc6 5. d4 exd4 6. Qxd4 Qxd4 7. Nxd4 Bd7 8. Nc3 0-0-0 9. Be3 c5 10. Nde2 Bc6 11. f3 b6 12. Kf2 Ne7 13. Rad1 Rxd1 14. Rxd1 h6 15. Nf4 g5 16. Nd3 Ng6 17. Ne2 Bd6 18. Ng3 Re8 19. Nf5 Bf8 20. Bd2 Re6 21. Bc3 f6 22. h4 gxh4 23. Rh1 c4 24. Nb4 Bc5+ 25. Kf1 Bb5 26. Nd5 Ba4 27. b3 Bb5 28. a4 Bc6 29. Nxf6 cxb3 30. cxb3 b5 31. axb5 Bxb5+ 32. Ke1 Nf4 33. Kd2 Nxg2 34. Rh2 Bf1 35. Rh1 Bb5 36. Rh2 Bg1 37. Nxh4 Be3+ 38. Kc2 Nxh4 39. Rxh4 Bg5 40. Rh1 Be2 41. Rh2 Bxf3 42. e5 Kd8 43. Kd3 Bd1 44. b4 Bb3 45. Ne4 Bf4 46. Rh4 Bxe5 47. Bxe5 Rxe5 48. Nc5 Bd1 1/2-1/2

[Event "POL-chT U19 1st League"]
[Site "Ustron"]
[Date "2011.??.??"]
[Round "1.26"]
[White "Malec, Robert"]
[Black "Sleczka, Bartosz"]
[Result "1/2-1/2"]
[WhiteElo "1830"]
[BlackElo "1895"]
[PlyCount "68"]
[EventDate "2011.06.24"]
[EventType "team-tourn"]
[EventRounds "9"]
[EventCountry "POL"]
[SourceTitle "EXT 2015"]
[Source "ChessBase"]
[SourceDate "2014.11.20"]
[SourceVersion "1"]
[SourceVersionDate "2014.11.20"]
[SourceQuality "1"]
[WhiteTeam "Legnica Miedz U19"]
[BlackTeam "Wieliczka MKS MOS U19"]
[WhiteTeamCountry "POL"]
[BlackTeamCountry "POL"]

1. e4 e5 2. Nf3 Nc6 3. Bc4 Bc5 4. c3 Nf6 5. d4 exd4 6. 0-0 Nxe4 7. cxd4 Be7 8. d5 Nb4 9. a3 Na6 10. Bxa6 bxa6 11. Re1 Nd6 12. Qe2 f6 13. Nc3 Kf7 14. Bf4 Re8 15. Qd3 g6 16. Rac1 Rb8 17. Na4 Nb5 18. Bxc7 Nxc7 19. d6 Ne6 20. dxe7 Rxe7 21. b4 Bb7 22. Red1 Bc6 23. Nc5 Bb5 24. Nxe6 Rxe6 25. Qd4 Qb6 26. Qh4 Kg7 27. Nd4 Re5 28. Nxb5 Qxb5 29. Qd4 Rb7 30. Rc8 Qe2 31. g3 d5 32. Rd8 Rbe7 33. Rxd5 Rxd5 34. Qxd5 Qb2 1/2-1/2

[Event "POL-chT U19 1st League"]
[Site "Ustron"]
[Date "2011.??.??"]
[Round "6.20"]
[White "Sleczka, Bartosz"]
[Black "Pietruszewski, Marcin"]
[Result "0-1"]
[WhiteElo "1895"]
[BlackElo "2111"]
[PlyCount "90"]
[EventDate "2011.06.24"]
[EventType "team-tourn"]
[EventRounds "9"]
[EventCountry "POL"]
[SourceTitle "EXT 2015"]
[Source "ChessBase"]
[SourceDate "2014.11.20"]
[SourceVersion "1"]
[SourceVersionDate "2014.11.20"]
[SourceQuality "1"]
[WhiteTeam "Wieliczka MKS MOS U19"]
[BlackTeam "Suwalki Hancza U19"]
[WhiteTeamCountry "POL"]
[BlackTeamCountry "POL"]

1. e4 c5 2. Nf3 e6 3. d4 cxd4 4. Nxd4 a6 5. Nc3 Qc7 6. Bd3 Nf6 7. 0-0 Bc5 8. Nb3 Be7 9. Be3 0-0 10. a4 b6 11. f4 d6 12. Qf3 Bb7 13. Rae1 Nbd7 14. Qg3 Rfe8 15. Bd2 g6 16. Kh1 Bf8 17. Nd1 d5 18. e5 Ne4 19. Bxe4 dxe4 20. Bc3 b5 21. axb5 axb5 22. Ne3 Nb6 23. Nd2 Red8 24. Ng4 b4 25. Nf6+ Kg7 26. Qh4 h6 27. Ndxe4 Bxe4 28. Nxe4 bxc3 29. bxc3 Be7 30. Qg3 Kh7 31. Rf3 Nc4 32. Nf6+ Bxf6 33. exf6 Rd5 34. Qh3 Qd8 35. Qh4 Rh5 36. Qf2 Qxf6 37. g4 Rha5 38. g5 Qf5 39. gxh6 Ra1 40. Rxa1 Rxa1+ 41. Kg2 Rc1 42. Qd4 Qg4+ 43. Rg3 Qe2+ 44. Kh3 Qh5+ 45. Kg2 Rxc2+ 0-1

[Event "POL-chT U19 1st League"]
[Site "Ustron"]
[Date "2011.??.??"]
[Round "8.26"]
[White "Sleczka, Bartosz"]
[Black "Zochowski, Kacper"]
[Result "0-1"]
[WhiteElo "1895"]
[BlackElo "1942"]
[PlyCount "72"]
[EventDate "2011.06.24"]
[EventType "team-tourn"]
[EventRounds "9"]
[EventCountry "POL"]
[SourceTitle "EXT 2015"]
[Source "ChessBase"]
[SourceDate "2014.11.20"]
[SourceVersion "1"]
[SourceVersionDate "2014.11.20"]
[SourceQuality "1"]
[WhiteTeam "Wieliczka MKS MOS U19"]
[BlackTeam "Bialystok MUKS Stoczek 45 U19"]
[WhiteTeamCountry "POL"]
[BlackTeamCountry "POL"]

1. e4 c5 2. Nf3 d6 3. d4 cxd4 4. Nxd4 Nf6 5. Nc3 a6 6. a4 b6 7. Be2 Bb7 8. f3 e6 9. 0-0 Be7 10. Be3 Nbd7 11. Qe1 0-0 12. Rd1 d5 13. exd5 Nxd5 14. Nxd5 Bxd5 15. Qg3 Bf6 16. Rd2 Qe7 17. Rfd1 g6 18. c4 Bb7 19. Qc7 Nc5 20. Qxb6 Rac8 21. Qb4 Qc7 22. Qa3 Be5 23. b4 Bxh2+ 24. Kh1 Qe5 25. f4 Bxf4 26. Bxf4 Qxf4 27. bxc5 e5 28. Nf3 Qg3 29. Qb2 Bxf3 30. Bxf3 e4 31. Be2 Rxc5 32. Rd8 Qh4+ 33. Kg1 Rxd8 34. Rxd8+ Qxd8 35. Qb4 Qd4+ 36. Kh2 Rh5+ 0-1

[Event "Krakow op-B 21st"]
[Site "Krakow"]
[Date "2011.??.??"]
[Round "8.10"]
[White "Ziogas, Modestas"]
[Black "Sleczka, Bartosz"]
[Result "0-1"]
[WhiteElo "2005"]
[BlackElo "1870"]
[PlyCount "74"]
[EventDate "2010.12.27"]
[EventType "swiss"]
[EventRounds "9"]
[EventCountry "POL"]
[SourceTitle "EXT 2023"]
[Source "ChessBase"]
[SourceDate "2022.10.05"]
[SourceVersion "1"]
[SourceVersionDate "2022.10.05"]
[SourceQuality "1"]

1. d4 d5 2. Nc3 Nf6 3. Bg5 c6 4. Qd3 g6 5. f3 Bg7 6. 0-0-0 0-0 7. h4 b5 8. h5 Ba6 9. Qd2 Re8 10. hxg6 fxg6 11. Qf4 b4 12. Nb1 Nbd7 13. g3 Nf8 14. Bh3 Qd6 15. Qh4 e5 16. e3 exd4 17. exd4 Nh5 18. Bg4 Nxg3 19. Rh3 Ne2+ 20. Nxe2 Bxe2 21. Rd2 c5 22. Bh6 Bxd4 23. Bxf8 Kxf8 24. Rxd4 cxd4 25. Qh6+ Ke7 26. Qg7+ Kd8 27. Rxh7 Bb5 28. b3 Re1+ 29. Kb2 Re7 30. Qf8+ Be8 31. f4 Qc5 32. Be6 a5 33. Qh8 Ra6 34. Bg4 Rc6 35. Qg8 Qxc2+ 36. Ka1 Qc5 37. Bf3 Re1 0-1

[Event "Krakow op-B 21st"]
[Site "Krakow"]
[Date "2010.12.27"]
[Round "2.8"]
[White "Slabek, Grzegorz"]
[Black "Sleczka, Bartosz"]
[Result "1-0"]
[WhiteElo "2044"]
[BlackElo "1870"]
[PlyCount "43"]
[EventDate "2010.12.27"]
[EventType "swiss"]
[EventRounds "9"]
[EventCountry "POL"]
[SourceTitle "EXT 2023"]
[Source "ChessBase"]
[SourceDate "2022.10.05"]
[SourceVersion "1"]
[SourceVersionDate "2022.10.05"]
[SourceQuality "1"]

1. d4 Nf6 2. Nf3 d5 3. c4 e6 4. Nc3 Be7 5. Bg5 0-0 6. e3 Nbd7 7. Qb3 c6 8. Bd3 a5 9. cxd5 exd5 10. 0-0 Re8 11. Rac1 h6 12. Bf4 Nf8 13. h3 Ne6 14. Be5 Bd6 15. Na4 b5 16. Bxd6 Qxd6 17. Nc5 Ng5 18. Ne5 Nd7 19. f4 f6 20. Nexd7 Nxh3+ 21. gxh3 Bxd7 22. Rf3 1-0

[Event "Dobczyce op 18th"]
[Site "Dobczyce"]
[Date "2010.07.20"]
[Round "4"]
[White "Fusek, Lukas"]
[Black "Sleczka, Bartosz"]
[Result "0-1"]
[WhiteElo "1887"]
[BlackElo "1886"]
[PlyCount "52"]
[EventDate "2010.07.17"]
[EventType "swiss"]
[EventRounds "9"]
[EventCountry "POL"]
[SourceTitle "EXT 2011"]
[Source "ChessBase"]
[SourceDate "2010.11.26"]
[SourceVersion "1"]
[SourceVersionDate "2010.11.26"]
[SourceQuality "1"]

1. e4 e5 2. Nc3 Nc6 3. Bc4 Nf6 4. d3 Bc5 5. f4 exf4 6. Bxf4 d6 7. Nf3 Bg4 8. h3 Bxf3 9. Qxf3 Nd4 10. Qd1 c6 11. Bg5 h6 12. Bh4 Qe7 13. Ne2 d5 14. exd5 cxd5 15. Bb3 0-0 16. c3 Nf5 17. Bxf6 Qxf6 18. d4 Qh4+ 19. g3 Nxg3 20. Nxg3 Qxg3+ 21. Kd2 Be7 22. Qe2 Rae8 23. Kc2 Bh4 24. Qd2 Qg6+ 25. Kd1 Bg5 26. Rg1 Qh5+ 0-1

[Event "POL-chT U19 1st League"]
[Site "Suchedniow"]
[Date "2010.07.12"]
[Round "7"]
[White "Nasuta, Grzegorz"]
[Black "Sleczka, Bartosz"]
[Result "1/2-1/2"]
[WhiteElo "2102"]
[BlackElo "1886"]
[PlyCount "73"]
[EventDate "2010.07.06"]
[EventType "team-tourn"]
[EventRounds "9"]
[EventCountry "POL"]
[SourceTitle "EXT 2019"]
[Source "ChessBase"]
[SourceDate "2018.10.10"]
[SourceVersion "1"]
[SourceVersionDate "2018.10.10"]
[SourceQuality "1"]
[WhiteTeam "Bialystok MUKS Stoczek 45 U19"]
[BlackTeam "Wieliczka MKS MOS U19"]
[WhiteTeamCountry "POL"]
[BlackTeamCountry "POL"]

1. e4 e5 2. Nf3 Nc6 3. Bb5 a6 4. Ba4 Nf6 5. d3 Be7 6. 0-0 b5 7. Bb3 d6 8. a4 Be6 9. c3 Bxb3 10. Qxb3 Na5 11. Qc2 c5 12. b4 cxb4 13. cxb4 Rc8 14. Qb2 Nc6 15. axb5 axb5 16. Nc3 d5 17. Nxb5 Rb8 18. Na7 Nxb4 19. Nxe5 Nxd3 20. Qc3 dxe4 21. Nxd3 Qxd3 22. Qxd3 exd3 23. Nc6 Rc8 24. Nxe7 Kxe7 25. Re1+ Kd7 26. Rd1 Rhd8 27. Rxd3+ Kc6 28. Rxd8 Rxd8 29. Bb2 Ne8 30. g3 g6 31. Kg2 Rb8 32. Bd4 Kd5 33. Be3 Rb7 34. Ra8 Nd6 35. g4 Ke6 36. Rh8 f5 37. Bc1 1/2-1/2

[Event "POL-chT U19 1st League"]
[Site "Suchedniow"]
[Date "2010.07.06"]
[Round "1"]
[White "Mondrzycki, Bartlomiej"]
[Black "Sleczka, Bartosz"]
[Result "1-0"]
[WhiteElo "2039"]
[BlackElo "1886"]
[PlyCount "53"]
[EventDate "2010.07.06"]
[EventType "team-tourn"]
[EventRounds "9"]
[EventCountry "POL"]
[SourceTitle "EXT 2019"]
[Source "ChessBase"]
[SourceDate "2018.10.10"]
[SourceVersion "1"]
[SourceVersionDate "2018.10.10"]
[SourceQuality "1"]
[WhiteTeam "Wroclaw MUKS MDK Srodmiescie U19"]
[BlackTeam "Wieliczka MKS MOS U19"]
[WhiteTeamCountry "POL"]
[BlackTeamCountry "POL"]

1. e4 e5 2. Nf3 Nc6 3. Bb5 a6 4. Bxc6 dxc6 5. 0-0 Bg4 6. h3 h5 7. d3 Bxf3 8. Qxf3 Qd7 9. Be3 0-0-0 10. Nd2 f6 11. Nb3 g5 12. Qe2 Be7 13. d4 Qe6 14. Rad1 g4 15. h4 exd4 16. Rxd4 Rxd4 17. Bxd4 Nh6 18. Bc3 Nf5 19. g3 Bd6 20. Qd3 Ne7 21. Qd4 Rf8 22. Qa7 Kd8 23. Qxb7 Qxe4 24. Re1 Qxc2 25. Nd4 Qe4 26. Nb3 Qd5 27. Nd4 1-0